000 00543nam a2200121Ia 4500
008 220216s9999 xx 000 0 und d
100 _aJoseph Joby
245 0 _aUncertain prices and segmentation of market as a survival strategy: The case of latex processing industry in India
260 _bIRC 2012. International Rubber Conference, 28-31 October 2012, Kovalam, India, Rubber Research Institute of India, Kottayam and IRRDB, Malaysia: Abstracts. pp.183-84
650 _aLatex processing industry
700 _aGeorge K Tharian
942 _cJS
999 _c71736
_d71736